00810nam a2200145Ia 4500008004100000020001800041245010900059260002200168440005900190650026000249650002200509856004100531999001900572952007300591171212s9999 xx 000 0 und d a9781760460273 ceditor Jordan, KirrilyaBetter Than Welfare?bWork and livelihoods for Indigenous Australians after CDEP bANU E Pressc2016 aCentre for Aboriginal Economic Policy Research (CAEPR) aCommunity Development Employment Projects (Australia); Indigenous peoples -- Employment -- Australia; Indigenous peoples -- Australia -- Social conditions; Indigenous peoples -- Government policy -- Australia; Indigenous peoples -- Australia -- Government aPolitical Science uhttp://jstor.org/stable/j.ctt1rrd7qb c351011d351011 001040aCLbCLd2017-12-12l0r2017-12-12 00:00:00w2017-12-12yCBE